| 000 | 00576nam a22001937a 4500 | ||
|---|---|---|---|
| 005 | 20251108164703.0 | ||
| 008 | 250721s1993 xx 000 0 ara d | ||
| 082 | 1 | 4 | _a415/شوق |
| 100 | 1 | _aضيف، شوقي | |
| 245 | 1 | 0 | _aتيسير النحو التعليمي قديما و حديثاً مع نهج تجديده / |
| 250 | _aط2. | ||
| 264 | 1 |
_aالقاهرة : _bدار المعارف، _c1993. |
|
| 300 | _a204ص | ||
| 650 | 1 | 7 | _aاللغة العربية |
| 650 | 1 | 7 | _aقواعد اللغة |
| 650 | 1 | 7 | _aعلم الصرف |
| 942 |
_2ddc _cBK |
||
| 999 |
_c11863 _d11863 |
||